LIBRARY & INFORMATION CENTRE, KCAET, TAVANUR

ONLINE PUBLIC ACCESS CATALOGUE (OPAC)

Text book of plant pathology, Part l, ll / (Record no. 2708)

MARC details
000 -LEADER
fixed length control field 00511cam a2200193ua 4500
041 ## - LANGUAGE CODE
Language code of text/sound track or separate title eng
082 ## - DEWEY DECIMAL CLASSIFICATION NUMBER
Classification number 632
Item number BAR/TE
100 ## - MAIN ENTRY--AUTHOR NAME
Personal name Baruah, H K .
245 ## - TITLE STATEMENT
Title Text book of plant pathology, Part l, ll /
260 ## - PUBLICATION, DISTRIBUTION, ETC. (IMPRINT)
Place of publication New Delhi :
Name of publisher Oxford & IBH Publishing company ,
Year of publication 1980.
300 ## - PHYSICAL DESCRIPTION
Number of Pages 498 ; .
700 1# - ADDED ENTRY--PERSONAL NAME
Personal name Anuradha Baruah, .
700 1# - ADDED ENTRY--PERSONAL NAME
Personal name Parukutty Baruah, .
942 ## - ADDED ENTRY ELEMENTS (KOHA)
Koha item type Books
Holdings
Withdrawn status Lost status Damaged status Home library Current library Date acquired Full call number Accession Number Koha item type
      KAUAET KAUAET 07/04/2012 632 14684 Books
free website counter